kku e-library facility

Last of the Livingstones; (Record no. 7)

MARC details
000 -LEADER
fixed length control field 00475nam a2200133 4500
008 - FIXED-LENGTH DATA ELEMENTS--GENERAL INFORMATION
fixed length control field 250127b
020 ## - INTERNATIONAL STANDARD BOOK NUMBER
International Standard Book Number 3-926105-18-6
100 ## - MAIN ENTRY--PERSONAL NAME
Personal name Spartalis,Peter James:
245 ## - TITLE STATEMENT
Title Last of the Livingstones;
Remainder of title Pioneer Missionary Statesman/
Statement of responsibility, etc. Peter James Spartalis. with an epilogue by Eberhard Troeger Mit einer deutschen Zusammenfassung von christof sauer/
250 ## - EDITION STATEMENT
Edition statement afem mission scripts
260 ## - PUBLICATION, DISTRIBUTION, ETC.
Place of publication, distribution, etc. .-Bonn ,
Name of publisher, distributor, etc. culture and science
Date of publication, distribution, etc. ,1994
942 ## - ADDED ENTRY ELEMENTS (KOHA)
Source of classification or shelving scheme Library of Congress Classification

No items available.

©2025 All rights reserved. KKU